[Event "EU-ch Hybrid U16 Girls"]
[Site "Tornelo INT"]
[Date "2021.10.15"]
[Round "4"]
[White "Allahverdiyeva, Ayan"]
[Black "Shpakivskaya, Alina"]
[Result "1-0"]
[WhiteElo "2051"]
[BlackElo "1875"]
[PlyCount "67"]
[EventDate "2021.10.15"]
[EventType "swiss"]
[EventRounds "9"]
[EventCountry "NET"]
[SourceTitle "EXT 2023"]
[Source "ChessBase"]
[SourceDate "2022.10.05"]
[SourceVersion "1"]
[SourceVersionDate "2022.10.05"]
[SourceQuality "1"]
[WhiteTeam "Azerbaijan"]
[BlackTeam "Russia"]
[WhiteTeamCountry "AZE"]
[BlackTeamCountry "RUS"]

1. e4 c6 2. d4 d5 3. e5 g6 4. f4 h5 5. Be3 Nh6 6. Nf3 Bg4 7. Be2 e6 8. Bf2 Nf5 9. Qd3 Bxf3 10. Qxf3 Nd7 11. Nd2 h4 12. 0-0-0 Qb6 13. Nb1 a5 14. g4 Ng7 15. Bd3 a4 16. f5 gxf5 17. gxf5 Nxf5 18. Bxf5 exf5 19. Be3 a3 20. b3 Bh6 21. e6 Ne5 22. exf7+ Kd8 23. Qh3 Nxf7 24. Bxh6 Nxh6 25. Qxh4+ Kd7 26. Rhg1 Qd8 27. Rg7+ Kc8 28. Qf4 Ng8 29. Re1 Rh4 30. Qxh4 Qxh4 31. Re8+ Qd8 32. Rxd8+ Kxd8 33. Rxg8+ Ke7 34. Rxa8 1-0

[Event "EU-ch Hybrid U16 Girls"]
[Site "Tornelo INT"]
[Date "2021.10.15"]
[Round "1"]
[White "Shpakivskaya, Alina"]
[Black "Ajradinoska, Indzi"]
[Result "1-0"]
[WhiteElo "1875"]
[BlackElo "1190"]
[PlyCount "59"]
[EventDate "2021.10.15"]
[EventType "swiss"]
[EventRounds "9"]
[EventCountry "NET"]
[SourceTitle "EXT 2023"]
[Source "ChessBase"]
[SourceDate "2022.10.05"]
[SourceVersion "1"]
[SourceVersionDate "2022.10.05"]
[SourceQuality "1"]
[WhiteTeam "Russia"]
[BlackTeam "Macedonia"]
[WhiteTeamCountry "RUS"]
[BlackTeamCountry "MKD"]

1. e4 e6 2. d4 d5 3. Nd2 Nf6 4. e5 Nfd7 5. f4 c5 6. c3 Nc6 7. Ndf3 Qb6 8. Ne2 Be7 9. g3 a6 10. Bh3 cxd4 11. cxd4 Qc7 12. 0-0 b5 13. Bd2 Nb6 14. Rc1 Bd7 15. Qc2 Qa7 16. f5 Rc8 17. fxe6 fxe6 18. Qd3 Nc4 19. b3 Nxd2 20. Qxd2 h6 21. Nf4 Nd8 22. Rxc8 Bxc8 23. Qc2 Bd7 24. Qg6+ Nf7 25. Bxe6 Rf8 26. Bxf7+ Rxf7 27. e6 Bxe6 28. Qxe6 Rf6 29. Qc8+ Bd8 30. Re1+ 1-0

[Event "EU-ch Hybrid U16 Girls"]
[Site "Tornelo INT"]
[Date "2021.10.15"]
[Round "8"]
[White "Shpakivskaya, Alina"]
[Black "Kanyamarala, Trisha"]
[Result "1/2-1/2"]
[WhiteElo "1875"]
[BlackElo "2082"]
[PlyCount "88"]
[EventDate "2021.10.15"]
[EventType "swiss"]
[EventRounds "9"]
[EventCountry "NET"]
[SourceTitle "EXT 2023"]
[Source "ChessBase"]
[SourceDate "2022.10.05"]
[SourceVersion "1"]
[SourceVersionDate "2022.10.05"]
[SourceQuality "1"]
[WhiteTeam "Russia"]
[BlackTeam "Irland"]
[WhiteTeamCountry "RUS"]
[BlackTeamCountry "IRL"]

1. d4 Nf6 2. Nc3 d5 3. Bg5 Bf5 4. Nf3 h6 5. Bh4 e6 6. e3 a6 7. Bd3 Bxd3 8. cxd3 Be7 9. Qb3 Ra7 10. 0-0 Nbd7 11. Ne5 0-0 12. Rac1 Nxe5 13. dxe5 Nd7 14. Bxe7 Qxe7 15. d4 c5 16. Rfd1 b5 17. a3 Rb8 18. e4 cxd4 19. Rxd4 dxe4 20. Nxe4 Nxe5 21. Qg3 f6 22. Rc5 Kh8 23. f4 Nf7 24. b4 f5 25. Nc3 Rd8 26. Rxd8+ Qxd8 27. Qe3 Re7 28. Rc6 e5 29. Qc5 Qd2 30. h3 Qc1+ 31. Kh2 Qxf4+ 32. Kh1 Rd7 33. Nd5 Qe4 34. Rxh6+ Nxh6 35. Qc8+ Kh7 36. Qxd7 Qe1+ 37. Kh2 Qh4 38. Kh1 e4 39. Qe6 Qg5 40. Kh2 Qh4 41. Kg1 Qe1+ 42. Kh2 Qh4 43. Kg1 Qe1+ 44. Kh2 Qh4 1/2-1/2

[Event "Malaya Zemlya op"]
[Site "Novorossiysk"]
[Date "2014.07.11"]
[Round "4"]
[White "Shpakivskaya, Alina"]
[Black "Morozov, Dmitry"]
[Result "1-0"]
[WhiteElo "1463"]
[BlackElo "2378"]
[PlyCount "56"]
[EventDate "2014.07.08"]
[EventType "swiss"]
[EventRounds "9"]
[EventCountry "RUS"]
[SourceTitle "CBM 161 Extra"]
[Source "ChessBase"]
[SourceDate "2014.08.29"]
[SourceVersion "1"]
[SourceVersionDate "2014.08.29"]
[SourceQuality "1"]

1. e4 c5 2. Nf3 Nc6 3. d4 cxd4 4. Nxd4 e5 5. Nb3 Nf6 6. Nc3 Bb4 7. Bg5 Bxc3+ 8. bxc3 h6 9. Bxf6 Qxf6 10. Bd3 0-0 11. 0-0 b6 12. Nd2 Bb7 13. Nc4 Rac8 14. Ne3 Ne7 15. c4 Ng6 16. Nd5 Qg5 17. Qf3 f5 18. exf5 Nh4 19. Ne7+ Qxe7 20. Qxb7 Qg5 21. Qd5+ Kh8 22. g3 Nxf5 23. Qxd7 e4 24. Bxe4 Rxc4 25. Bxf5 Rxf5 26. Qxa7 Rxc2 27. Qxb6 Qd2 28. a4 Ra2 1-0